LEADER 01237nam a2200265 i 4500 001 000000043361 003 CaOOAMICUS 005 20090813000000.0 008 090813s1974 it u000 u ita u 013 $a14531 040 $aSeMil$bita 100 1 $aBalthasar, Hans Urs : von,$c.$0(OLS)http://semarc/name/881 240 14$aDer antirömische Affekt.$0(OLS)http://semarc/title/63674 245 13$aIl complesso antiromano :$bcome integrare il papato nella chiesa universale /$cHans Urs von Balthasar ; [trad. di Giovanni Moretto]. 260 $aBrescia :$bQueriniana,$c1974. 300 $a369 p. ;$c20 cm. 490 0 $aNuovi saggi Queriniana ;$v20 650 4$aChiesa.$0(OLS)http://semarc/subject/3309 650 4$aPapato.$0(OLS)http://semarc/subject/786 700 1 $aMoretto, Giovanni,$d<1939-2006>.$0(OLS)http://semarc/name/5601 830 0$aNuovi saggi Queriniana ;$v20.$0(OLS)http://semarc/title/10209 850 $aSeMil 852 $aSeMil$W1$xVenegono$y1$m2B II 194$j9516$B9516$CSeMilBibl$Z2$F9516 $81 996 $6245$aIl complesso antiromano :$bcome integrare il papato nella chiesa universale$9(OLS)http://semarc/title/63673 996 $6260$aBrescia :$bQueriniana$9(OLS)http://semarc/publisher/29615 LEADER 01146nam a2200253 i 4500 001 000000079255 003 CaOOAMICUS 005 20170405000000.0 008 170405s1998 it u000 u ger u 013 $a51492 020 $a3-451-26160-X 040 $aSeMil$bita 245 10$aKatechese im Umbruch :$bPositionen und Perspektiven ; für Dieter Emeis /$chrsg. von Franz-Peter Tebartz-Van Elst. 260 $aFreiburg [etc.] :$bHerder,$c1998. 300 $a576 p. , 24 cm. 650 4$aCatechetica e pastorale - Sec. 20.-21.$0(OLS)http://semarc/subject/672 700 1 $aTebartz-Van Elst, Franz-Peter .$0(OLS)http://semarc/name/23075 700 1 $aEmeis, Dieter <1933- >.$0(OLS)http://semarc/name/90498 850 $aSeMil 852 $aSeMil$W1$xVenegono$y1$m2C VI 230$j44995$B44995$CSeMilBibl$Z2$F46851 $81 961 $aOmaggio: Lorenzi don Ugo 996 $6020$a3-451-26160-X$9(OLS)http://semarc/number/270453 996 $6245$aKatechese im Umbruch :$bPositionen und Perspektiven ; für Dieter Emeis$9(OLS)http://semarc/title/403248 996 $6260$aFreiburg [etc.] :$bHerder$9(OLS)http://semarc/publisher/29649